000 01051nam a22002297a 4500
999 _c21278
_d21278
003 AR-CdUCM
008 190311b ||||| |||| 00| 0 spa d
020 _a9786124392016
040 _aMUNICIPALIDAD PROVINCIAL DEL CUSCO
_cBIBLIOTECA MUNICIPAL DEL CUSCO
082 _a338/L86
_bL86
100 _aLópez Meza, Sergio
_944450
245 _aProyectos de inversión privada formulación y evaluación /
260 _aCusco ;
_bUniversidad Andina del Cusco,
_c2018.
300 _a242 Páginas ;
_c23 cm.
505 _aContenido: Introducción conceptual -- El estudio del mercado -- Tamaño localización ingeniería del proyecto -- La organización y aspectos administrativos -- El programa de inversiones -- Ingresos egresos y costos del proyecto -- Los flujos de caja del proyecto -- La evaluación privada del proyecto.
650 _aEvaluación de proyectos.
_915126
650 _aProyectos de inversión.
_915127
650 _aInversión privada
_95081
710 _aUniversidad Andina del Cusco
_9768
942 _2ddc
_cLIBROS
945 _aRoel